000 00508cam8a220015700 4500
001 qce01775075
005 20190823101754.0
008 750808s1957 iau eng u
035 _a(Sirsi) r99150
050 0 _aBC 108 EVA 1957
100 1 _aEvans, Daniel Luther
245 1 0 _aElements of logic /
_cby D. Luther Evans, Walter S. Gamertsfelder [and] Alvin F. Nelson.
260 _aDubuque, IA :
_bW.C. Brown Co.,
_c[c1957]
504 _aIncludes bibliographical references.
650 0 _aLogic.
_6S3124.1
999 _c147454
_d147454